000 00436nam a2200133 a 4500
001 000032770
005 20200930065825.0
008 110726s1923 dr 000 0 spa d
040 _aDO-SdBNP
_bspa
_cBNPHU
245 0 0 _aInforme que el secretario de sanidad y beneficencia presenta al presidente provisional de la República.
260 _aSanto Domingo :
_bImp. J. R. vda. García,
_c1923.
300 _a108 p. ;
_c27 cm.
049 _aBNPD
999 _c32261
_d32261